000 00335nam a22001457a 4500
008 230517b ||||| |||| 00| 0 eng d
020 _a9780072951707
041 _aeng
080 _2FIFTH EDITION
_a579
082 _a579TAL
100 _a17
101 _aMB
245 _aFOUNDTATIONS IN MICROBIOLOGY
_cTALARO.P.K
942 _2udc
_cBK
999 _c59761
_d59761